<A> History of American Business

Gespeichert in:
Bibliographische Detailangaben
1. Verfasser: Bryant, Keith L.
Weitere Verfasser: Dethloff, Henry C.
Format: Buch
Sprache:Englisch
Veröffentlicht: Englewood Cliffs Prentice Hall 1990
Ausgabe:2. ed.
Tags: Tag hinzufügen
Keine Tags, Fügen Sie das erste Tag hinzu!

MARC

LEADER 00000nam a2200000 4500
001 c023498
005 20221215113908.3
041 0 |a eng 
044 |a US 
245 1 0 |a <A> History of American Business  |c Keith L. Bryant, Henry C. Dethloff 
250 |a 2. ed. 
264 1 |a Englewood Cliffs  |b Prentice Hall  |c 1990 
300 |a 384 s. 
100 1 |a Bryant, Keith L. 
700 1 |a Dethloff, Henry C.